|
|
|
|
| LEADER |
00000cam a2200000 a 4500 |
| 001 |
vtls001102609 |
| 003 |
SK-MaSNL |
| 005 |
20260301182231.0 |
| 008 |
180815s1981 xo b 0000j slo |
| 015 |
|
|
|a SNBA1981/08
|
| 035 |
|
|
|a SNK000045451
|
| 040 |
|
|
|a SNK
|b slo
|c SNK
|e AACR2
|
| 044 |
|
|
|a xo
|c SK
|
| 080 |
|
|
|a 885.4-3(087.5)
|2 1981
|
| 100 |
1 |
|
|a Jilemnický, Peter,
|d 1901-1949
|4 aut
|9 108039
|
| 245 |
1 |
0 |
|a Tri rozprávky
|c Peter Jilemnický ; ilustroval Peter Ondreička
|
| 250 |
|
|
|a 3. vyd.
|
| 260 |
|
|
|a Bratislava
|b Mladé letá
|c 1981
|e Martin
|f Tlačiarne SNP
|
| 300 |
|
|
|a 31 s.
|b ilustr.
|c 21 cm
|
| 366 |
|
|
|e 15000 výtl.
|
| 500 |
|
|
|a Rozložený ilustrovaný titulný list. Vydané k 80. nedožitým narodeninám národného umelca P. Jilemnického
|
| 521 |
|
|
|a Pre čitateľov od 6 rokov
|
| 655 |
|
7 |
|a slovenské rozprávky
|2 SNKPH
|9 70528
|
| 655 |
|
7 |
|a autorské rozprávky
|2 SNKPH
|9 70727
|
| 655 |
|
7 |
|a literatúra pre deti
|2 SNKPH
|9 87135
|
| 700 |
1 |
|
|a Ondreička, Peter,
|d 1947-1990
|4 ill
|9 167078
|
| 852 |
|
|
|a Slovenská národná knižnica
|
| 954 |
|
|
|a beletria pôvodná (slovenská)
|2 lita
|
| 958 |
|
|
|a OND
|
| 958 |
|
|
|a LX
|
| 958 |
|
|
|a DB
|
| 958 |
|
|
|a BQ
|
| 958 |
|
|
|a TL
|
| 999 |
|
|
|c 852939
|d 854869
|
| 952 |
|
|
|a SNK
|b SNK
|y VYP
|7 0
|p 17A0527397
|o snkSD 51368 D1
|i snkKSP 6396/81
|3 rekatalogizácia
|0 0
|1 0
|4 0
|d 2006-11-02
|l 0
|r 2026-02-24 04:47:15
|w 2026-02-24
|